Academic library use of eBooks

Bibliographic Details
Main Author: Dharmendra Harit Dr (Author)
Format: Book
Language:English
Published: New Delhi, India : Random Publications 2017
Subjects:

MARC

LEADER 00000cam a2200000 7i4500
001 0000028225
005 20241121.0
008 190114 ii a eng
020 |a 9789386314345 
040 |a INS   |b eng   |e rda 
090 0 0 |a Z1033.E43   |b D53 2017 
100 0 |a Dharmendra Harit   |c Dr. ,   |e author 
245 1 0 |a Academic library use of eBooks   |c Dr. Dharmendra Harit 
264 1 |a New Delhi, India :   |b Random Publications   |c 2017 
300 |a 324 pages :   |b illustrations ;   |c 24 cm. 
336 |a text  |2 rdacontent 
337 |a unmediated  |2 rdamedia 
338 |a volume  |2 rdacarrier 
504 |a Includes bibliographical references (pages 321-322) and index 
650 0 |a Electronic books 
650 0 |a Libraries and electronic publishing 
999 |a 1000003614   |b BOOK   |c Open Shelf   |e Default branch